Citez un maximum de personnalités politiques françaises - Statistiques

Statistiques générales
  • Ce quiz a été pris 211 fois
    117 depuis la dernière actualisation
  • Le résultat moyen est 70 sur 354
Statistiques - réponses
Réponse % Correct
Emmanuel Macron
93%
Jean-Marie Le Pen
91%
Marine Le Pen
91%
Marion Maréchal-Le Pen
88%
François Hollande
84%
Charles de Gaulle
82%
Jean-Luc Mélenchon
79%
Nicolas Sarkozy
79%
François Mitterrand
78%
Gabriel Attal
78%
Élisabeth Borne
76%
Frédéric Mitterrand
76%
Georges Pompidou
76%
Jordan Bardella
76%
Jacques Chirac
75%
Manuel Valls
72%
Éric Zemmour
71%
Valéry Giscard d'Estaing
69%
Philippe Poutou
65%
Bruno Retailleau
63%
Michel Barnier
63%
Nicolas Bay
63%
Valérie Pécresse
63%
Cédric O
62%
Édouard Philippe
62%
Manon Aubry
62%
Sylvie Retailleau
62%
François Bayrou
60%
Martine Aubry
60%
François Fillon
57%
Anne Hidalgo
56%
Gérald Darmanin
56%
Jean Castex
54%
Louis Boyard
54%
Rachida Dati
54%
Dominique de Villepin
53%
Olivier Faure
53%
Fabien Roussel
50%
Mathilde Panot
49%
Lionel Jospin
47%
Bernard Cazeneuve
46%
Jean Lassalle
46%
Jean-Philippe Tanguy
46%
Sandrine Rousseau
46%
Aurélien Rousseau
44%
Marine Tondelier
44%
Sébastien Lecornu
44%
Manuel Bompard
43%
Nathalie Arthaud
43%
Éric Ciotti
41%
Jacques Bompard
41%
Laurent Wauquiez
41%
Ségolène Royal
41%
Édith Cresson
40%
Raphaël Glucksmann
40%
Christiane Taubira
38%
Clémentine Autain
38%
Édouard Balladur
38%
Gérard Larcher
35%
Jean-Louis Debré
35%
Nicolas Dupont-Aignan
35%
Sarah Knafo
35%
Sébastien Delogu
35%
Yaël Braun-Pivet
35%
Alain Juppé
34%
Bruno Le Maire
34%
Laurent Fabius
34%
Sébastien Chenu
34%
Simone Veil
34%
Clémence Guetté
31%
François Ruffin
31%
Jean-Marc Ayrault
31%
Jean-Pierre Raffarin
31%
Laure Lavalette
31%
Rima Hassan
31%
Alexis Corbière
29%
Arlette Laguiller
29%
Benoît Hamon
29%
Florian Philippot
29%
Raymond Barre
29%
Amélie Oudéa-Castéra
28%
Aurore Bergé
28%
Christophe Castaner
28%
Danièle Obono
28%
Éric Dupond-Moretti
28%
Julien Odoul
28%
Olivier Véran
28%
Robert Badinter
28%
Valérie Hayer
28%
Xavier Bertrand
28%
Yannick Jadot
28%
Adrien Quatennens
26%
Antoine Léaument
26%
Christian Jacob
26%
David Guiraud
26%
Dominique Strauss-Kahn
26%
Hervé Morin
26%
Jean-François Copé
26%
Olivier Besancenot
26%
Pap Ndiaye
26%
Robert Hue
26%
Boris Vallaud
25%
François-Xavier Bellamy
25%
Michel Rocard
25%
Philippe de Villiers
25%
Pierre Mauroy
25%
Raquel Garrido
25%
Sophia Chikirou
25%
Agnès Pannier-Runacher
24%
Christian Estrosi
24%
Jacques Chaban-Delmas
24%
Louis Aliot
24%
Najat Vallaud-Belkacem
24%
Sibeth Ndiaye
24%
Stéphane Séjourné
24%
Catherine Vautrin
22%
Éric Coquerel
22%
Marlène Schiappa
22%
Roselyne Bachelot
22%
André Chassaigne
21%
Annie Genevard
21%
Éva Joly
21%
Jean-Michel Blanquer
21%
Pierre Messmer
21%
Rachel Keke
21%
Arnaud Montebourg
19%
Charles Pasqua
19%
Christine Lagarde
19%
Jacques Cheminade
19%
Jean-Christophe Lagarde
19%
Robert Ménard
19%
Éric Piolle
18%
François Baroin
18%
François de Rugy
18%
Georges Marchais
18%
Ian Brossat
18%
Jack Lang
18%
Jean-Yves Le Drian
18%
Michèle Alliot-Marie
18%
Nicolas Hulot
18%
Richard Ferrand
18%
Carole Delga
16%
Christine Boutin
16%
Edwige Diaz
16%
Huguette Bello
16%
Jean-Noël Barrot
16%
Laurent Jacobelli
16%
Laurent Saint-Martin
16%
Luc Ferry
16%
Nathalie Kosciusko-Morizet
16%
Raphaël Arnault
16%
Brice Hortefeux
15%
Gérard Collomb
15%
Jean-Pierre Chevènement
15%
Marie Toussaint
15%
Michel Sapin
15%
Nadine Morano
15%
Prisca Thevenot
15%
Rama Yade
15%
Anne Genetet
13%
Aymeric Caron
13%
Benjamin Griveaux
13%
Bernard Tapie
13%
Charles de Courson
13%
François Asselinau
13%
Jacques Delors
13%
José Bové
13%
Luc Chatel
13%
Lucie Castets
13%
Marc Fesneau
13%
Nicole Belloubet
13%
Noël Mamère
13%
Olivia Grégoire
13%
Philippe Séguin
13%
Agnès Buzyn
12%
Alma Dufour
12%
Antoine Armand
12%
Bernard Kouchner
12%
Claude Guéant
12%
Daniel Cohn-Bendit
12%
Dominique Voynet
12%
Franck Riester
12%
François Rebsamen
12%
Jean-Louis Borloo
12%
Jérôme Guedj
12%
Julien Bayou
12%
Marisol Touraine
12%
Nathalie Loiseau
12%
Olivier Marleix
12%
Pierre Moscovici
12%
Alain Madelin
10%
Bertrand Delanoë
10%
David Lisnard
10%
Didier Migaud
10%
Éric Woerth
10%
Grégory Doucet
10%
Guillaume Kasbarian
10%
Jacques Toubon
10%
Jean-Frédéric Poisson
10%
Karl Olive
10%
Meyer Habib
10%
Naïma Moutchou
10%
Sylvain Maillard
10%
Thomas Portes
10%
Alexis Kohler
9%
Aurélie Filippetti
9%
Bruno Mégret
9%
Cécile Duflot
9%
Christophe Béchu
9%
Cyrielle Chatelain
9%
Élisabeth Guigou
9%
Florence Parly
9%
Frédérique Vidal
9%
Hubert Védrine
9%
Jean-Claude Gaudin
9%
Marie-George Buffet
9%
Nicolas Mayer-Rossignol
9%
Olivier Dussopt
9%
Patrick Balkany
9%
Philippe Douste-Blazy
9%
Renaud Muselier
9%
Roland Dumas
9%
Stéphane Le Foll
9%
Thierry Breton
9%
Ugo Bernalicis
9%
Annick Girardin
7%
Aurélien Pradié
7%
Aurélie Trouvé
7%
Barbara Pompili
7%
Claude Bartolone
7%
Danielle Simonnet
7%
Delphine Batho
7%
Dominique Perben
7%
Gillard Collard
7%
Harlem Désir
7%
Jérôme Cahuzac
7%
Julien Denormandie
7%
Laurence Rossignol
7%
Myriam El Khomri
7%
Philippe Brun
7%
René Dumont
7%
Thierry Mariani
7%
Xavier Darcos
7%
Agnès Firmin-Le Bodo
6%
Alain Krivine
6%
Amélie de Montchalin
6%
Astrid Panosyan-Bouvet
6%
Benjamin Lucas
6%
Catherine Colonna
6%
Clément Beaune
6%
Corine Lepage
6%
Damien Abad
6%
Éric Emmanuelli
6%
Fleur Pellerin
6%
Guillaume Peltier
6%
Henri Guaino
6%
Jean-Christophe Cambadélis
6%
Jean-Vincent Placé
6%
Laura Flessel
6%
Marylise Lebranchu
6%
Maud Bregeon
6%
Philippe Juvin
6%
Roland Lescure
6%
Sarah El Haïry
6%
Vincent Peillon
6%
Arthur Delaporte
4%
Brigitte Bourguignon
4%
Geneviève Darrieussecq
4%
Hélène Laporte
4%
Jacqueline Gourault
4%
Julien Dray
4%
Laurent Marcangeli
4%
Marie-France Garaud
4%
Marielle de Sarnez
4%
Nadège Abomangoli
4%
Stanislas Guerini
4%
Stéphane Ravier
4%
Valérie Rabault
4%
Andy Kerbrat
3%
Aurélien Taché
3%
Aurore Lalucq
3%
Caroline Fiat
3%
Catherine Trautmann
3%
Cédric Villani
3%
David Cormand
3%
Élisabeth Moreno
3%
Éric Besson
3%
Geoffroy Didier
3%
Hervé Berville
3%
Jean-Baptiste Djebbari
3%
Jean Saint-Josse
3%
Jérôme Rivière
3%
Julien Sanchez
3%
Mounir Mahjoubi
3%
Muriel Pénicaud
3%
Olivier Becht
3%
Rima Abdu-Malak
3%
Roger Karoutchi
3%
Roxana Maracineanu
3%
Younous Omarjee
3%
Aurélien Saintoul
1%
Bastien Lachaud
1%
Benoît Biteau
1%
Bernard Accoyer
1%
Brigitte Klinkert
1%
Bruno Fuchs
1%
Bruno Gollnisch
1%
Carlos Martens Bilongo
1%
Claire Lejeune
1%
Damien Maudet
1%
Elsa Faucillon
1%
Fabrice Leggeri
1%
Fadela Amara
1%
François Patriat
1%
Geneviève Fioraso
1%
Gilles Le Gendre
1%
Gisèle Halimi
1%
Hadrien Clouet
1%
Jean-Marie Bockel
1%
Jean-Pierre Jouyet
1%
Karima Delli
1%
Marie-Noëlle Lienemann
1%
Nadia Hai
1%
Pascal Canfin
1%
Philippe Richert
1%
Pierre Larrouturou
1%
Sophie Taillé-Polian
1%
Thierry Mandon
1%
Thierry Solère
1%
Adrien Taquet
0%
Azouz Begag
0%
Benoist Apparu
0%
Bernard Pons
0%
Brune Poirson
0%
Bruno Bilde
0%
Chantal Jouano
0%
Claude Allègre
0%
David Rachline
0%
Emmanuelle Wargon
0%
François Jolivet
0%
Georges Tron
0%
Henri de Raincourt
0%
Marie-Charlotte Garin
0%
Marie Lebec
0%
Martin Hirsch
0%
Mélanie Vogel
0%
Patr!ce Vergriete
0%
Patrick de Carolis
0%
Patrick Devedjian
0%
Sacha Houlié
0%
Sophie Cluzel
0%
Sophie Pantel
0%
Steeve Briois
0%
Stéphane Travert
0%
Aucun quiz correspondant
Distribution des résultats
% des personnes avec chaque résultat
Percentile par nombre de réponses
Votre historique - résultats
Vous n’avez pas pris ce quiz depuis la dernière actualisation